000 00368cam a22001217a 4500
008 180718b xxu||||| |||| 00| 0 eng d
082 _aA99 Si58m
100 _aSimpson, C.L.
245 _aMemoirs of C.L. Simpson: the symbol of Liberia
_cby C.L. Simpson
260 _aLondon
_bThe Diplomatic
_c
300 _a291p
650 _aSimpson, Clarence Lorenzo,1896- Liberia-History.
999 _c415999
_d415999